000 00816nam a22002177a 4500
005 2010081605245.0
010 _aENG-100503
020 _a9788190769624
_c40.00
035 _aEN-84036
037 _bDBAD/PUB
082 _a633.368
100 _aGunaseelan, A.
_913968
245 _aGroundnut cultivation in Tamilnadu under british rule :
_b(1800 - 1900 A.D.) /
_cby A.Gunaseelan
260 _aTiruvallur
_bA.G.A. Publications
_c2005
270 _a2, Rajiv Gandhi Street, Rajajipuram
_bTiruvallur
_e602001
300 _a104p.
_c18cm (pbk)
500 _aincludes bibliographical references
650 _aPeanuts
_913969
942 _2ddc
_cEN
_h633.368
_mGUN
999 _c42104
_d42104